000 00474nam a2200181 a 4500
001 1770805515547
003 YourLibrary
005 20260211155850.0
008 260211s2009##################000#0#eng##
020 _a9780521116114
082 0 4 _a333.95
_bWOR
100 1 _aWorthington, E.,
_eauthor.
245 1 0 _aThe Evolution of IBP :
260 _bCambridge University Press,
_c2009.
650 0 _aScience.
942 _cENGLISH
040 _aYourLibrary
_beng
_cYourLibrary
999 _c611807
_d611807